The story of Emin's rescue as told in H.M. Stanley's letters / (Record no. 165724)

MARC details
000 -LEADER
campo de control de longitud fija 00965nam a2200229 i 4500
001 - NÚMERO DE CONTROL
campo de control 165724
003 - IDENTIFICADOR DE NÚMERO DE CONTROL
campo de control ES-MaACL
005 - FECHA Y HORA DE LA ÚLTIMA TRANSACCIÓN
campo de control 20250911063601.0
008 - DATOS DE LONGITUD FIJA--INFORMACIÓN GENERAL
campo de control de longitud fija 050822s1890 xxkb |||| |deng d
080 ## - NÚMERO DE LA CLASIFICACIÓN DECIMAL UNIVERSAL
Número de la Clasificación Decimal Universal 929 Emin Pasha
100 1# - ENTRADA PRINCIPAL--NOMBRE DE PERSONA
Nombre de persona Stanley, Henry M.,
Fechas asociadas al nombre 1841-1904
9 (RLIN) 107904
245 14 - MENCIÓN DEL TÍTULO
Título The story of Emin's rescue as told in H.M. Stanley's letters /
Mención de responsabilidad, etc. published with MR. Stanley's permission and edited by J. Scott Keltie ; with a map of the route.
260 ## - PUBLICACIÓN, DISTRIBUCIÓN, ETC.
Lugar de publicación, distribución, etc. London :
Nombre del editor, distribuidor, etc. Sampson Low, Marston, Searle & Rivington,
Fecha de publicación, distribución, etc. 1890 (
Fabricante Gilbert & Rivington)
300 ## - DESCRIPCIÓN FÍSICA
Extensión 190 p., [1] h. de mapa ;
Dimensiones 19 cm.
594 ## - Nota al título y mención de responsabilidad
Nota al título y mención de responsabilidad Henry Morton Stanley: seud. de John Rowlands.
599 ## - NOTA A LAS ILUSTRACIONES
NOTA A LAS ILUSTRACIONES La h. de map., a doble p., intercalada entre las p. 175-176.
600 04 - PUNTO DE ACCESO ADICIONAL DE MATERIA--NOMBRE DE PERSONA
Nombre de persona Emin Pash (
Fechas asociadas al nombre 1840-1892)
9 (RLIN) 155241
651 #4 - PUNTO DE ACCESO ADICIONAL DE MATERIA--NOMBRE GEOGRÁFICO
Nombre geográfico África central-
Subdivisión general Descripción.
9 (RLIN) 155240
700 1# - ENTRADA AGREGADA--NOMBRE PERSONAL
Nombre de persona Keltie, J. Scott.
9 (RLIN) 128443
852 ## - LOCALIZACIÓN
Ubicación ES-MaACL
Número de control de estantería G-13249
Nota libre - Enc. hol.
Holdings
Estatus retirado Estado de pérdida Estado de daño No para préstamo Colección Biblioteca de origen Biblioteca actual Ubicación en estantería Fecha de adquisición Fuente de adquisición Total de préstamos Signatura topográfica completa Código de barras Visto por última vez Precio de reemplazo Tipo de ítem Koha
        Libros del s. XIX Biblioteca del Ateneo de Madrid Biblioteca del Ateneo de Madrid Sala Pecera Planta 3 17/01/2008     G-13249 1173801 23/02/2023 23/02/2023 Libro impreso antiguo